Kaos /

The other son: A mother spends her life waiting for news from her two sons while ignoring her third, because he is the reincarnation of the bandit who raped her. Moonsickness: A newly-wed peasant girl discovers that her husband goes mad every full moon. She arranges for a male friend to protect her,...

Full description

Bibliographic Details
Corporate Authors: Radiotelevisione italiana, Filmtre Production (Firm), Koch Entertainment (Firm)
Other Authors: De Negri, Giuliani G., Taviani, Paolo, 1931-, Taviani, Vittorio, 1929-2018, Guerra, Tonino, Lozano, Margarita, Bigagli, Claudio, 1955-, Bonetti, Massimo, 1954-, Modugno, Enrica Maria, Franchi, Franco, Ingrassia, Ciccio, 1923-, Barone, Biagio, Antonutti, Omero, 1935-, Bianchi, Regina
Format: Video DVD
Language:Italian
Language Notes:Italian dialogue with English subtitles.
Subjects:

MARC

Tag First Indicator Second Indicator Subfields
LEADER 00000cgm a2200000Ka 4500
001 in00002396539
005 20181201063425.0
006 a g 000 0
007 vd cvaizm
008 080129s2008 it 105 e vlita d
020 |a 1417201045 
020 |a 9781417201044 
024 1 |a 741952308898 
028 4 2 |a KLF-DV-3088  |b Koch Lorber Films 
035 |a (OCoLC)ocn191685055 
035 |a (OCoLC)191685055 
037 |b Midwest Tape  |n http://www.midwesttapes.com 
040 |a TEFMT  |c TEFMT  |d TEF  |d RCS  |d UtOrBLW 
041 1 |a ita  |j eng  |h ita 
049 |a TXAM 
050 1 4 |a PN1995.9.C55  |b K367 2008 
082 0 4 |a 791.43/75  |2 22 
090 |a PN1995.5.F67  |b K36 2008 
245 0 0 |a Kaos /  |c RAI Radiotelevisione Italiana and Filmtre production ; produced by Giuliani De Negri ; screenplay by Paolo & Vittorio Taviani and Tonino Guerra ; directed by Paolo & Vittorio Taviani. 
264 2 |a Port Washington, NY :  |b Distributed by Koch Lorber Films,  |c [2008] 
300 |a 1 videodisc (105 min.) :  |b sound, color ;  |c 4 3/4 in. +  |e 1 booklet (8 pages) 
336 |a two-dimensional moving image  |b tdi  |2 rdacontent 
337 |a video  |b v  |2 rdamedia 
338 |a videodisc  |b vd  |2 rdacarrier 
538 |a DVD, region 1, widescreen (1.85:1) presentation; Dolby Digital mono. 
546 |a Italian dialogue with English subtitles. 
500 |a Title from container. 
511 1 |a Margarita Lozano, Claudio Bigagli, Massimo Bonetti, Enrica Maria Modugno, Franco Franchi, Ciccio Ingrassia, Biagio Barone, Omero Antonutti, Regina Bianchi. 
508 |a Director of photography, Giuseppe Lance ; editor, Roberto Perpignani. 
500 |a Originally released as a motion picture in 1984. 
500 |a Booklet contains a Kaos essay by Italian cinema expert Peter Bondanella. 
521 8 |a Not rated. 
520 |a The other son: A mother spends her life waiting for news from her two sons while ignoring her third, because he is the reincarnation of the bandit who raped her. Moonsickness: A newly-wed peasant girl discovers that her husband goes mad every full moon. She arranges for a male friend to protect her, but they end up in bed together just as the moon emerges from behind a cloud. The jar: A rich landowner hires a master craftsman to repair a giant olive jar, but the craftsman gets trapped inside. Requiem: Villagers band together in an attempt to force their landlord to let them bury their dead. The crow of Mízzaro: A strong, poetic vision of Sicilian life. 
505 0 |a The other son -- Moonsickness -- The jar -- Requiem -- The crow of Mizzaro. 
500 |a Videorecording. 
650 0 |a Mothers and sons  |z Italy  |v Drama. 
650 0 |a Newlyweds  |z Italy  |v Drama. 
650 0 |a Storage jars  |v Drama. 
650 0 |a Funeral rites and ceremonies  |z Italy  |v Drama. 
650 0 |a Italians  |x Ethnic identity  |v Drama. 
651 0 |a Italy  |v Drama. 
653 |a Madri e figli  |a Italia  |a Dramma 
655 7 |a Feature films.  |2 lcgft 
655 0 |a Foreign films. 
655 0 |a Motion pictures, Italian. 
655 7 |a Comedy films.  |2 lcgft 
655 7 |a Comedy  |v Feature.  |2 migfg 
655 7 |a Feature films.  |2 gsafd 
655 7 |a Comedy films.  |2 gsafd 
700 1 |a De Negri, Giuliani G. 
700 1 |a Taviani, Paolo,  |d 1931- 
700 1 |a Taviani, Vittorio,  |d 1929-2018. 
700 1 |a Guerra, Tonino. 
700 1 |a Lozano, Margarita. 
700 1 |a Bigagli, Claudio,  |d 1955- 
700 1 |a Bonetti, Massimo,  |d 1954- 
700 1 |a Modugno, Enrica Maria. 
700 1 |a Franchi, Franco. 
700 1 |a Ingrassia, Ciccio,  |d 1923- 
700 1 |a Barone, Biagio. 
700 1 |a Antonutti, Omero,  |d 1935- 
700 1 |a Bianchi, Regina. 
710 2 |a Radiotelevisione italiana. 
710 2 |a Filmtre Production (Firm) 
710 2 |a Koch Entertainment (Firm) 
994 |a C0  |b TXA 
948 |a cataloged  |b h  |c 2008/6/6  |d c  |e blrosas  |f 9:42:08 am 
999 |a MARS 
999 f f |s 5ce9bed0-06a3-3f8e-b8c1-241dae711764  |i 552dbee0-87b9-34f9-bc4a-b57398ca9c89  |t 0 
952 f f |p ric  |a Texas A&M University  |b Rellis Campus  |c Joint Library Facility  |d Remote Storage  |t 0  |e PN1995.5.F67 K36 2008  |h Library of Congress classification  |i video -- videodisc  |m A14837243898 
998 f f |a PN1995.5.F67 K36 2008  |t 0  |l Remote Storage